MARC

LEADER 00000nam0a2200000 4500
001 329830
005 20231102004212.0
035 |a (RuTPU)RU\TPU\book\355598 
090 |a 329830 
100 |a 20170322d1962 km y0rusy50 ca 
101 0 |a rus 
102 |a RU 
105 |a a z 001zy 
200 1 |a Балансирные динамометры для измерения вращающего момента  |f С. М. Кац 
210 |a Москва  |a Ленинград  |c Госэнергоиздат  |d 1962 
215 |a 144 с.  |c ил. 
225 1 |a Библиотека по автоматике  |v Вып. 65 
320 |a Библиогр.: с. 138-143 
606 1 |a Валы  |x Крутящий момент  |x Измерение  |2 stltpush  |3 (RuTPU)RU\TPU\subj\1994  |9 30636 
610 1 |a динамометры 
610 1 |a измерение 
610 1 |a вращающие моменты 
610 1 |a усилия 
610 1 |a механические системы 
610 1 |a гидравлические системы 
610 1 |a пневматические системы 
610 1 |a тарировочные устройства 
610 1 |a балансирные опоры 
675 |a 621.824  |v 4 
700 1 |a Кац  |b С. М.  |g Самуил Михайлович 
801 1 |a RU  |b 63413507  |c 20170322 
801 2 |a RU  |b 63413507  |c 20170324  |g RCR 
942 |c BK